00831nam a22002412a 450000100060000000300100000600500170001600800410003303500190007404000340009304100080012708200200013510000290015524500530018425000100023726000920024730000300033949000330036950001060040265000160050871000310052483000340055515125(BD-RjUL)20211208235744.0860101s1952 xx 000 0 eng d a(BD-RjUL)15179 aDLCcAPLdUKMd(BD-RjUL)beng aeng a657.2bSTA 19591 astaff ,Hadley editorial 10aApplied bookkeeping /cby Hadley editorial staff a3d ed aNew York :bPublished for C.R. Hadley Co. by McGraw-Hill,cc1952, c1959 [printing 1960] a232 p. :billus. ;c26 cm1 aPathfinder accounting series aFirst ed., 1938, by D. W. Morton and R. E. Berry, has title: Pathfinder course in applied bookkeeping 0aBookkeeping2 aCharles R. Hadley Company. 0aPathfinder accounting series.